[Event "Cto. Autonómico por Equipos 2007"]
[Site "Aragón"]
[Date "2007.01.27"]
[Round "1.35"]
[White "Martin Catalan Juan Vicente"]
[Black "Artal Alegria Francisco Javier"]
[Result "1-0"]
[WhiteElo "2106"]
[BlackElo "1966"]

1.d4 Nf6 2.Nf3 e6 3.Bf4 Be7 4.h3 O-O 5.e3 b6 6.Bd3 Bb7 7.Nbd2 Nd5 8.Bh2 f5 9.
c4 Nb4 10.Bb1 d5 11.a3 N4a6 12.Bd3 Nd7 13.Qe2 Qc8 14.O-O g5 15.Ne5 Nxe5 16.
Bxe5 Bf6 17.Qh5 Qe8 18.Qxe8 Raxe8 19.Bxf6 Rxf6 20.cxd5 exd5 21.Nf3 g4 22.Ne5
gxh3 23.gxh3 Nc5 24.Rfd1 Rxe5 25.dxe5 Rg6+ 26.Kh2 d4 27.Bc4+ Kf8 28.Rg1 dxe3
29.fxe3 Nd7 30.Rxg6 hxg6 31.Be2 Nxe5 32.h4 c5 33.Kg3 Ke7 34.Kf4 Ke6 35.Rd1 Bd5
36.Rd2 c4 37.Kg5 b5 38.Rd1 a5 39.Rd4 b4 40.axb4 axb4 41.Rd1 b3 42.Ra1 Be4 43.
Ra6+ Kf7 44.Kf4 Nd3+ 45.Bxd3 Bxd3 46.Rb6 Ke8 47.Ke5 Kf7 48.Rb7+ Ke8 49.Kd4 Kd8
50.Rg7 Ke8 51.Rc7 Be2 52.Rxc4 Kf7 53.Rc3 Bd1 54.Kc4 Kf6 55.Rxb3 Bxb3+ 56.Kxb3
g5 57.hxg5+ Kxg5 58.Kc4 f4 59.exf4+ Kxf4 60.b4 1-0

[Event "Cto. Autonómico por Equipos 2007"]
[Site "Aragón"]
[Date "2007.01.27"]
[Round "1.36"]
[White "Tirapo Larcuen Ana"]
[Black "Barcena Francisco"]
[Result "1-0"]
[WhiteElo "1870"]
[BlackElo "1991"]

1.Nf3 Nf6 2.g3 g6 3.Bg2 Bg7 4.d3 d5 5.Nbd2 O-O 6.O-O Nc6 7.c3 e5 8.Qc2 Re8 9.
e4 Be6 10.Ng5 Qd7 11.Nxe6 fxe6 12.Bh3 Qf7 13.f4 exf4 14.gxf4 Qe7 15.Nf3 dxe4
16.dxe4 Qc5+ 17.Kg2 Qc4 18.Nd2 Qe2+ 19.Rf2 Qh5 20.Qb3 Ng4 21.Bxg4 Qxg4+ 22.Kh1
Na5 23.Qa4 b6 24.Nc4 Nb7 25.Be3 Rad8 26.Rg1 Qh5 27.f5 exf5 28.exf5 Qh4 29.Rf4
Qh5 30.Qc6 Nd6 31.f6 Bh6 32.Nxd6 Bxf4 33.f7+ Kg7 34.Nxe8+ Kxf7 35.Bxf4 Rd5 36.
Qxc7+ Kxe8 37.Qc8+ Kf7 38.Qg4 Qxg4 39.Rxg4 h5 40.Rg1 Rf5 41.Bg3 g5 42.Kg2 Kg6
43.Rd1 h4 44.Rd6+ Kh5 45.Bf2 g4 46.Rd7 a5 47.Rh7+ 1-0

[Event "Cto. Autonómico por Equipos 2007"]
[Site "Aragón"]
[Date "2007.01.27"]
[Round "1.37"]
[White "Gracia Suarez Jesus"]
[Black "Lamas Manuel"]
[Result "0-1"]
[WhiteElo "2129"]
[BlackElo "2270"]

1.e4 c5 2.Nf3 d6 3.Nc3 Nf6 4.d4 cxd4 5.Nxd4 g6 6.g3 Nc6 7.Nde2 b6 8.Bg2 Ba6 9.
O-O Bg7 10.a4 Rc8 11.Nb5 O-O 12.h3 Qd7 13.c3 Bb7 14.Re1 a6 15.Nbd4 Na5 16.Qd3
e5 17.Nc2 Nb3 18.Ra3 Nc5 19.Qe3 Bxe4 20.Bxe4 Ncxe4 21.Qxb6 Qxh3 22.Ne3 Ng5 23.
Qb7 d5 0-1

[Event "Cto. Autonómico por Equipos 2007"]
[Site "Aragón"]
[Date "2007.01.27"]
[Round "1.38"]
[White "Llanes Luno Ricardo"]
[Black "Glaria Tevar Salvador"]
[Result "1-0"]
[WhiteElo "2225"]
[BlackElo "1936"]

1.e4 d5 2.exd5 Nf6 3.Bb5+ Bd7 4.Bc4 b5 5.Bb3 Bg4 6.Nf3 Nxd5 7.Nc3 Nxc3 8.bxc3
e6 9.h3 Bxf3 10.Qxf3 Nd7 11.O-O c5 12.d3 Qc8 13.Re1 Nb6 14.a4 c4 15.a5 Nd5 16.
Qxd5 1-0

[Event "Cto. Autonómico por Equipos 2007"]
[Site "Aragón"]
[Date "2007.01.27"]
[Round "1.39"]
[White "Guerrero Blanco Juan"]
[Black "Roche Simon Miguel Angel"]
[Result "0-1"]
[WhiteElo "1806"]
[BlackElo "2180"]

1.e4 c5 2.Nf3 Nc6 3.d4 cxd4 4.Nxd4 Nf6 5.Nc3 e6 6.Bg5 Bb4 7.Nxc6 bxc6 8.Qf3 h6
9.Bxf6 Qxf6 10.Qxf6 gxf6 11.Bd3 d5 12.a3 Bxc3+ 13.bxc3 Rb8 14.Kd2 Kd7 15.Rab1
Rb6 16.Rb3 Kc7 17.c4 dxe4 18.Bxe4 f5 19.Bd3 Ba6 20.Ke3 c5 21.f4 Rd8 22.Rxb6
axb6 23.c3 Bb7 24.Rg1 Ra8 25.g4 Rxa3 26.gxf5 Kd6 27.fxe6 Kxe6 28.Rb1 Ra6 29.
Be4 Bxe4 30.Kxe4 f5+ 31.Ke3 Kf6 32.Kf3 Kg6 33.Kg3 Kh5 34.Rb3 Ra4 35.Rxb6 Rxc4
36.Rb3 Kg6 37.Kf3 Kf6 38.Ke3 Ke6 39.h4 Kd5 40.Kf3 h5 41.Ra3 Kc6 42.Rb3 Ra4 43.
Rb1 Ra3 44.Rc1 Kd5 45.Ke3 Kc4 46.Kd2 Ra2+ 47.Rc2 Ra6 48.Rb2 Rd6+ 49.Kc2 Rg6
50.Rb7 Rg2+ 0-1

[Event "Cto. Autonómico por Equipos 2007"]
[Site "Aragón"]
[Date "2007.01.27"]
[Round "1.40"]
[White "Naya Sancho Jose Ignacio"]
[Black "Serrano San Nicolas Angel"]
[Result "1-0"]
[WhiteElo "2068"]
[BlackElo "1805"]

1.Nf3 Nf6 2.d4 g6 3.c4 Bg7 4.Nc3 O-O 5.e4 d6 6.Bg5 h6 7.Bh4 c6 8.Be2 Qa5 9.O-O
Kh7 10.Qd2 Nbd7 11.Rab1 Qb4 12.Ne1 a5 13.Kh1 e5 14.d5 g5 15.Bg3 Ne8 16.f3 Qb6
17.dxc6 bxc6 18.Bf2 c5 19.Nd5 Qd8 20.Nc2 Bb7 21.Nde3 Rg8 22.Rfd1 Bf8 23.Nf5
Ra6 24.Na3 Ng7 25.Nxg7 Rxg7 26.Nb5 Be7 27.Qc2 Qb8 28.Rd3 Nf6 29.Rbd1 Ne8 30.
Qd2 Rg6 31.Ra3 Qa8 32.Ra4 Bc6 33.a3 Bf8 34.b4 axb4 35.Rxa6 Qxa6 36.axb4 cxb4
37.Qxb4 Kg7 38.Qb2 Qb7 39.Ra1 Qb8 40.Ra7 Re6 41.Qa2 Re7 42.Ra6 Bxb5 43.cxb5
Nc7 44.Ra7 Ne6 45.Rxe7 Bxe7 46.b6 Bd8 47.Qa6 Nc5 48.Bxc5 dxc5 49.b7 Bc7 50.Qa8
f6 51.Kg1 Kf8 52.Kf2 Ke7 53.Bb5 Bd6 54.Ke2 Kd8 55.Kd3 Kc7 56.Qa5+ Kxb7 57.Qa6+
1-0

[Event "Cto. Autonómico por Equipos 2007"]
[Site "Aragón"]
[Date "2007.01.27"]
[Round "1.41"]
[White "Adla Diego Gustavo"]
[Black "Galvez Perez Jose Luis"]
[Result "1-0"]
[WhiteElo "2470"]
[BlackElo "2125"]

1.c4 g6 2.d4 Bg7 3.e4 d6 4.Nc3 Nf6 5.Be2 O-O 6.Nf3 Na6 7.O-O e5 8.Be3 Ng4 9.
Bg5 Qe8 10.dxe5 dxe5 11.h3 f6 12.Bc1 Nh6 13.Be3 Nf7 14.c5 c6 15.Nd2 Nc7 16.Qb3
Kh8 17.Rad1 Ne6 18.Nc4 f5 19.f3 Nd4 20.Qa4 Qe7 21.b4 Be6 22.Na5 fxe4 23.fxe4
Ng5 24.Bg4 Bxg4 25.hxg4 Nge6 26.Rxf8+ Rxf8 27.Rf1 Nf4 28.Bxf4 Rxf4 29.Qd1 b6
30.Nxc6 Qh4 {Ilegible.} 1-0

[Event "Cto. Autonómico por Equipos 2007"]
[Site "Aragón"]
[Date "2007.01.27"]
[Round "1.42"]
[White "Carraminana Lopez Luis Antonio"]
[Black "Villuendas Valero Adrian"]
[Result "1-0"]
[WhiteElo "1967"]
[BlackElo "2224"]

1.e4 c5 2.Nf3 e6 3.d3 Nc6 4.g3 g6 5.Bg2 Bg7 6.O-O Nge7 7.c3 e5 8.Na3 O-O 9.Be3
d6 10.Qd2 f5 11.Nc2 b6 12.Bh6 f4 13.Bxg7 Kxg7 14.d4 Qc7 15.Rfd1 Bg4 16.Rf1
Rad8 17.h3 Bc8 18.Rad1 Ba6 19.Rfe1 h6 20.a4 Na5 21.Na3 g5 22.b4 Nc4 23.Qd3
Nxa3 24.Qxa6 Qc8 25.Qd3 1-0

[Event "Cto. Autonómico por Equipos 2007"]
[Site "Aragón"]
[Date "2007.01.27"]
[Round "1.43"]
[White "Plo Palacian Sandra"]
[Black "Garcia Lopez Alberto J"]
[Result "0-1"]
[WhiteElo "1953"]
[BlackElo "1965"]

1.e4 d6 2.d4 Nf6 3.Nc3 g6 4.f3 Bg7 5.Be3 c6 6.Qd2 O-O 7.O-O-O Nbd7 8.g4 b5 9.
h4 e5 10.dxe5 dxe5 11.g5 Nh5 12.Bh3 Qc7 13.Qd6 Qxd6 14.Rxd6 Ng3 15.Rh2 Nb8 16.
Bxc8 Rxc8 17.Rhd2 Na6 18.Bf2 Nh5 19.Rd7 Nc7 20.Nd1 Nf4 21.Ne3 h5 22.c3 a5 23.
Nc2 Nce6 24.Ne1 Bf8 25.Nd3 Nxd3+ 26.R7xd3 b4 27.Bg3 bxc3 28.bxc3 Rab8 29.Nh3
Nc5 30.Re3 Na4 31.Kd1 Nb2+ 32.Ke2 Nc4 0-1

[Event "Cto. Autonómico por Equipos 2007"]
[Site "Aragón"]
[Date "2007.01.27"]
[Round "1.44"]
[White "Minguez Guinda Andres"]
[Black "Lafarga Bueno Daniel"]
[Result "1-0"]
[WhiteElo "1964"]
[BlackElo "1829"]

1.e4 e5 2.Nf3 Nc6 3.Bb5 a6 4.Ba4 Nf6 5.O-O b5 6.Bb3 Bc5 7.Nxe5 Nxe5 8.d4 Be7
9.dxe5 Nxe4 10.Qd5 O-O 11.Qxe4 Rb8 12.Be3 Bb7 13.Qg4 Re8 14.Nc3 c5 15.Bd5 b4
16.Bxb7 bxc3 17.Bxa6 cxb2 18.Rab1 Qa5 19.Bd3 Qc3 20.Qc4 Qxc4 21.Bxc4 Rb4 22.
Bd5 Reb8 23.Rfd1 c4 24.Rd4 c3 25.Kf1 R8b5 26.Rxb4 Bxb4 27.Bb3 Rxe5 28.Ke2 Re8
29.Kd3 Rc8 30.Bd4 Kf8 31.Bc4 f6 32.Rd1 Rc6 33.Bxc3 Bxc3 34.Kxc3 d5 35.Kxb2
dxc4 36.a4 Ke7 37.Rd4 c3+ 38.Kb3 Ke6 39.Rc4 1-0

[Event "Cto. Autonómico por Equipos 2007"]
[Site "Aragón"]
[Date "2007.01.27"]
[Round "1.49"]
[White "Sanchez Herrera Miguel"]
[Black "Veras Sanz Marino"]
[Result "1-0"]
[WhiteElo "2210"]
[BlackElo "2069"]

1.Nf3 d6 2.d4 g6 3.b3 Bg7 4.Bb2 Nd7 5.e3 Ngf6 6.Be2 O-O 7.O-O e5 8.c4 Re8 9.
Qc2 c6 10.Rd1 Qc7 11.Nc3 a5 12.Rac1 Nb6 13.c5 dxc5 14.dxe5 Ng4 15.Ba3 Nxe5 16.
Bxc5 Bg4 17.Bd6 Qc8 18.Nd4 Bxe2 19.Qxe2 a4 20.e4 axb3 21.axb3 Qg4 22.f3 Qh5
23.Qf2 Nc8 24.Bb4 c5 25.Bxc5 Nd3 26.Rxd3 Qxc5 27.Nce2 Qb4 28.Nc3 Bxd4 29.Qxd4
Qxd4+ 30.Rxd4 Ra3 31.Nd5 Kg7 32.Rb4 Nd6 33.Rb6 Rd8 34.Kf2 Nf5 35.exf5 Rxd5 36.
f6+ Kh6 37.Rxb7 Rd2+ 38.Kg3 Raa2 39.Rg1 Kg5 40.Rxf7 h5 41.h4+ Kh6 42.Kh3 g5
43.hxg5+ Kxg5 44.Rf8 Kg6 45.Rc1 Kf5 46.Rc5+ Kf4 47.Rg8 Ra1 48.Rc4+ Ke3 49.Kg3
h4+ 50.Rxh4 1-0

[Event "Cto. Autonómico por Equipos 2007"]
[Site "Aragón"]
[Date "2007.01.27"]
[Round "1.50"]
[White "Labrador FM"]
[Black "Sicilia Manuel"]
[Result "0-1"]
[WhiteElo "2005"]
[BlackElo "2144"]

1.d4 d6 2.Nf3 g6 3.g3 Bg7 4.Bg2 Nd7 5.O-O Ngf6 6.c4 O-O 7.Nc3 e5 8.dxe5 dxe5
9.Qc2 c6 10.Rd1 Qe7 11.e4 Re8 12.Rb1 Nc5 13.b4 Ncxe4 14.Nxe5 Nxc3 0-1

[Event "Cto. Autonómico por Equipos 2007"]
[Site "Aragón"]
[Date "2007.01.27"]
[Round "1.51"]
[White "Carruez Berges Santiago"]
[Black "Martin Barbero Roberto"]
[Result "1-0"]
[WhiteElo "2119"]
[BlackElo "1959"]

1.Nf3 Nf6 2.g3 g6 3.b4 Bg7 4.Bb2 O-O 5.Bg2 d6 6.O-O e5 7.d3 Nc6 8.b5 Ne7 9.e4
Bd7 10.a4 a6 11.Nc3 Qe8 12.Rb1 axb5 13.axb5 b6 14.d4 Bxb5 15.Nxb5 Qxb5 16.dxe5
dxe5 17.Bxe5 Rad8 18.Rxb5 1-0

[Event "Cto. Autonómico por Equipos 2007"]
[Site "Aragón"]
[Date "2007.01.27"]
[Round "1.52"]
[White "Requena Munguira Jorge"]
[Black "Fernandez Urrutia Gallo Carlos"]
[Result "1-0"]
[WhiteElo "1855"]
[BlackElo "2076"]

1.d4 Nf6 2.Nf3 d5 3.e3 e6 4.c4 Be7 5.Nc3 O-O 6.Bd2 a6 7.c5 c6 8.Bd3 Nbd7 9.b4
Qc7 10.Bc2 e5 11.dxe5 Nxe5 12.Nd4 Re8 13.Qb1 Nc4 14.Bc1 a5 15.a3 b6 16.cxb6
Qxb6 17.b5 cxb5 18.Qxb5 Bb4 19.axb4 Qa7 20.Nxd5 Ba6 21.Nxf6+ gxf6 22.Qc5 Qd7
23.Ba4 1-0

[Event "Cto. Autonómico por Equipos 2007"]
[Site "Aragón"]
[Date "2007.01.27"]
[Round "1.54"]
[White "Cobo Israel"]
[Black "Dominguez Castillo Alejandro"]
[Result "1-0"]
[WhiteElo "1969"]
[BlackElo "1794"]

1.e4 c5 2.Nf3 d6 3.d4 cxd4 4.Nxd4 Nf6 5.Nc3 e6 6.g4 Nc6 7.g5 Nd7 8.Be3 a6 9.h4
Qc7 10.f4 b5 11.Bg2 Bb7 12.f5 Nxd4 13.Qxd4 exf5 14.Nd5 Bxd5 15.Qxd5 Rc8 16.
exf5 Ne5 17.O-O f6 18.a4 b4 19.a5 Rb8 20.Bb6 Qc4 21.Qxc4 Nxc4 22.Bc6+ Ke7 23.
Rfe1+ Ne5 24.Rad1 Rc8 25.Bb7 Rc4 26.Bxa6 Rxh4 27.Bb7 Kd7 28.a6 Nc4 29.Rd4 1-0

[Event "Cto. Autonómico por Equipos 2007"]
[Site "Aragón"]
[Date "2007.01.27"]
[Round "1.55"]
[White "Marco Bernad Eduardo"]
[Black "Gayan Miguel Angel"]
[Result "1/2-1/2"]
[WhiteElo "1660"]
[BlackElo "1917"]

1.e4 e6 2.Nf3 d5 3.exd5 exd5 4.g3 Nc6 5.d3 Nf6 6.Bg5 h6 7.Qe2+ Be6 8.Bd2 Bd6
9.Bg2 O-O 10.O-O Re8 11.d4 Bg4 12.Qd3 Ne4 13.c3 a6 14.Be3 Bf5 15.Qd1 Qd7 16.
Nbd2 Nxd2 17.Qxd2 Be4 18.Nh4 Bxg2 19.Kxg2 Qe6 20.Rae1 Qf6 21.Bf4 Bxf4 22.Qxf4
Qxf4 23.gxf4 g6 24.Re3 Re7 25.Rfe1 Rae8 26.Rxe7 Rxe7 27.Rxe7 Nxe7 28.Kg3 Kg7
29.Kg4 h5+ 30.Kf3 Kf6 31.Ng2 Nf5 32.Ne3 Nxe3 33.Kxe3 Kf5 34.h3 f6 35.Kf3 g5
36.fxg5 fxg5 37.a4 b6 38.b3 a5 39.b4 c6 40.Ke3 Ke6 1/2-1/2

[Event "Cto. Autonómico por Equipos 2007"]
[Site "Aragón"]
[Date "2007.01.27"]
[Round "1.56"]
[White "Gimeno Diaz Fernando"]
[Black "Juano Bielsa Álvaro"]
[Result "1-0"]
[WhiteElo "1500"]
[BlackElo "1881"]

1.d4 d5 2.Nf3 Nc6 3.c4 Nf6 4.cxd5 Nxd5 5.e4 Nf6 6.Nc3 Bg4 7.Bb5 a6 8.Bxc6+
bxc6 9.Qa4 Bd7 10.Ne5 c5 11.Qc4 e6 12.dxc5 Be7 13.O-O O-O 14.Rd1 Re8 15.c6 Bd6
16.Nxd7 Nxd7 17.cxd7 Qxd7 18.e5 1-0

[Event "Cto. Autonómico por Equipos 2007"]
[Site "Aragón"]
[Date "2007.01.27"]
[Round "1.57"]
[White "Gella Lopez Angel"]
[Black "Leon Fernandez Mario"]
[Result "1-0"]
[WhiteElo "2106"]
[BlackElo "2064"]

1.d4 d5 2.c4 e6 3.Nc3 Nf6 4.Bg5 Nbd7 5.e3 Be7 6.Nf3 O-O 7.Qc2 a6 8.Rd1 dxc4 9.
Bxc4 b5 10.Bd3 h6 11.Bh4 Bb7 12.O-O Nb6 13.Bxf6 Bxf6 14.Ne4 Nd7 15.Rc1 Rc8 16.
Rfd1 Qe7 17.a3 e5 18.Nxf6+ Qxf6 19.Be4 Bxe4 20.Qxe4 exd4 21.Rc6 Rce8 22.Qc2
Re6 23.Rxc7 Ne5 24.Nxd4 Rd6 25.Rc1 Rfd8 26.h3 g6 27.Rc8 Nc4 28.Rxd8+ Rxd8 29.
a4 Qg5 30.Nf3 Qd5 31.axb5 axb5 32.b3 Nd6 33.Nd4 Rc8 34.Qb2 Rxc1+ 35.Qxc1 Nf5
36.Qc8+ Kh7 37.Nxf5 gxf5 38.Qc3 Qd1+ 39.Kh2 Qd6+ 40.g3 b4 41.Qd4 Qe7 42.Qd3
Qe5 43.Kg2 Kg8 44.Qd8+ Kh7 45.Qd4 Qe7 46.Qd3 Qe6 47.g4 Kg8 48.gxf5 Qc6+ 49.Kg3
Qc3 50.Qd8+ Kh7 51.Qd5 Qc7+ 52.Kg4 Kg8 53.e4 Qh2 54.Qd8+ Kh7 55.Qh4 Qg2+ 56.
Kf4 Qg1 57.Qg3 Qc1+ 58.Kf3 Qc2 59.Kf4 Qc1+ 60.Qe3 Qc7+ 61.e5 f6 62.Qd4 fxe5+
63.Qxe5 Qc1+ 64.Qe3 Qc7+ 65.Kf3 Qc6+ 66.Qe4 Qc3+ 67.Qe3 Qc6+ 68.Kg3 Qd6+ 69.f4
h5 70.Qa7+ Kh6 71.Qe3 Kh7 72.Kh4 Qf6+ 73.Kxh5 Qxf5+ 74.Kh4 Qf6+ 75.Kg4 Qg6+
76.Kf3 Qh5+ 77.Kf2 Qb5 78.Qe7+ Kh8 79.Qh4+ 1-0

[Event "Cto. Autonómico por Equipos 2007"]
[Site "Aragón"]
[Date "2007.01.27"]
[Round "1.58"]
[White "Cebollada Pacheco Jesus Raul"]
[Black "Laplaza Ara Carlos"]
[Result "1-0"]
[WhiteElo "2010"]
[BlackElo "2043"]

1.e4 c5 2.Nf3 d6 3.d4 cxd4 4.Nxd4 Nf6 5.Nc3 a6 6.Be3 e6 7.Bd3 Be7 8.O-O Nc6 9.
Qf3 O-O 10.h3 Qc7 11.g4 Nxd4 12.Bxd4 b5 13.g5 Nd7 14.Qh5 Nc5 15.Rad1 Bb7 16.a3
Rad8 17.f4 Nxd3 18.Rxd3 d5 19.e5 Bc5 20.Ne2 Qb6 21.c3 Rc8 22.Rf2 a5 23.Qf3 Ba6
24.b4 Bxd4 25.Nxd4 axb4 26.axb4 Bb7 27.Ra2 Ra8 28.Rdd2 Ra4 29.Qe2 Rfa8 30.Kh2
Bc6 31.Nb3 Rxa2 32.Rxa2 Rxa2 33.Qxa2 Qe3 34.Qd2 Qa7 35.Na5 Bd7 36.Kg2 Kf8 37.
Qf2 Qc7 38.Qc5+ Qxc5 39.bxc5 Ke7 40.Kf3 Kd8 41.Ke3 Kc7 42.Kd3 Be8 43.Kc2 Kb8
44.Kb3 Ka7 45.Kb4 Ka6 46.Nb3 Bd7 47.Nd4 Be8 48.h4 g6 49.Nc2 1-0

[Event "Cto. Autonómico por Equipos 2007"]
[Site "Aragón"]
[Date "2007.01.27"]
[Round "1.60"]
[White "Arregui Unotria Carlos"]
[Black "Bellosta López Pablo"]
[Result "1-0"]
[WhiteElo "1831"]
[BlackElo "1841"]

1.e4 c5 2.Nc3 d6 3.g3 Nf6 4.Bg2 g6 5.d3 Bg7 6.f4 Nc6 7.Nf3 O-O 8.O-O Rb8 9.h3
b5 10.g4 b4 11.Ne2 a5 12.f5 Nd7 13.Qe1 e6 14.Qg3 Nce5 15.Nf4 Qe7 16.g5 Nxf3+
17.Bxf3 gxf5 18.exf5 exf5 19.Nd5 Qe6 20.Re1 Ne5 21.Nf6+ Kh8 22.Bd5 Qe7 23.Qh4
Bxf6 24.gxf6 Qd8 25.Bh6 Rg8+ 26.Bg7+ Rxg7+ 27.fxg7+ Kxg7 28.Qxd8 1-0

[Event "Cto. Autonómico por Equipos 2007"]
[Site "Aragón"]
[Date "2007.01.27"]
[Round "1.62"]
[White "Portero Garnica Miguel Angel"]
[Black "Lara Pueyo Felix"]
[Result "1-0"]
[WhiteElo "2175"]
[BlackElo "1875"]

1.e4 e5 2.Nf3 Nc6 3.Bb5 a6 4.Bxc6 dxc6 5.O-O Bg4 6.d3 f6 7.h3 Bh5 8.b3 Bc5 9.
Ba3 Ba7 10.Nbd2 Ne7 11.Nc4 Qd7 12.Qe2 O-O-O 13.Kh2 Kb8 14.Rad1 Bxf3 15.Qxf3
Ng6 16.Bb2 Qe6 17.Rd2 h5 18.Rfd1 Nh4 19.Qg3 g5 20.d4 exd4 21.Bxd4 Bxd4 22.Rxd4
Rxd4 23.Rxd4 Ng6 24.Qd3 Nf4 25.Rd8+ Rxd8 26.Qxd8+ Ka7 27.e5 fxe5 28.Qxg5 Qd5
29.f3 Ne2 30.Qe3+ 1-0

[Event "Cto. Autonómico por Equipos 2007"]
[Site "Aragón"]
[Date "2007.01.27"]
[Round "1.64"]
[White "Gaspar Calvo Luis Alberto"]
[Black "Aspas Aspas Mariano"]
[Result "1-0"]
[WhiteElo "1930"]
[BlackElo "1676"]

1.c4 e5 2.Nc3 Nc6 3.g3 Nf6 4.Bg2 Be7 5.Nf3 d5 6.cxd5 Nxd5 7.O-O Nb6 8.d3 O-O
9.Be3 Be6 10.Na4 Nxa4 11.Qxa4 f6 12.Rfc1 Qd7 13.Bc5 Rfd8 14.Bxe7 Nxe7 15.Qxd7
Rxd7 16.Nd2 Bd5 17.Bxd5+ Nxd5 18.a3 Ne7 19.Ne4 b6 20.b4 a6 21.h4 Nf5 22.Rc3
Rad8 23.Kf1 h6 24.Rac1 Rc8 25.a4 Nd4 26.e3 f5 27.exd4 fxe4 28.dxe5 exd3 29.f4
Rd4 30.b5 axb5 31.axb5 Ra8 32.Rd1 Ra5 33.Rcxd3 Rxd3 34.Rxd3 Rxb5 35.Ke2 c5 36.
Rc3 Rb4 37.Kf3 c4 38.Ke4 b5 39.f5 Kf7 40.g4 Rb1 41.g5 hxg5 42.hxg5 Re1+ 43.Kd5
b4 44.Rxc4 b3 45.Rc7+ Kf8 46.Rb7 Rb1 47.g6 b2 48.Ke6 1-0

[Event "Cto. Autonómico por Equipos 2007"]
[Site "Aragón"]
[Date "2007.01.27"]
[Round "1.61"]
[White "Peris Gerardo"]
[Black "Hinojar Basa Alfonso"]
[Result "0-1"]
[WhiteElo "1899"]
[BlackElo "2207"]

1.d4 d5 2.Nf3 Nf6 3.c4 e6 4.Nc3 Be7 5.Bf4 O-O 6.e3 c5 7.Bd3 Nc6 8.dxc5 Bxc5 9.
O-O Nb4 10.Be2 dxc4 11.Bxc4 Nbd5 12.Be5 b6 13.Qc2 Bb7 14.Rad1 Qe7 15.a3 Rac8
16.Qe2 Nxc3 17.Bxc3 Ne4 18.Bd4 Ng5 19.Ne5 Bd6 20.f4 Ne4 21.f5 Qc7 22.Nxf7
Bxh2+ 0-1

[Event "Cto. Autonómico por Equipos 2007"]
[Site "Aragón"]
[Date "2007.01.27"]
[Round "1.63"]
[White "Lancis JJ"]
[Black "Fabre Perez Jose Maria"]
[Result "0-1"]
[WhiteElo "1818"]
[BlackElo "2089"]

1.d4 e6 2.c4 Nf6 3.Nc3 d5 4.Bg5 Be7 5.Nf3 h6 6.Bf4 O-O 7.cxd5 Nxd5 8.Nxd5 Qxd5
9.a3 c5 10.dxc5 Bxc5 11.Qxd5 exd5 12.e3 Nc6 13.Bb5 Bb6 14.O-O g5 15.Bg3 a6 16.
Bxc6 bxc6 17.Ne5 c5 18.Rfd1 Be6 19.Nc6 Kg7 20.Ne7 Rfd8 21.Nc6 Rd7 22.Ne5 Rb7
23.Rac1 a5 24.a4 f6 25.Nf3 Rd8 26.Rd2 g4 27.Ne1 d4 28.exd4 Rxd4 29.Rxd4 cxd4
30.Nd3 Bb3 31.Nc5 Bxc5 32.Rxc5 d3 33.Bf4 Bxa4 34.Bc1 Bb3 35.g3 Re7 36.Bd2 Re2
37.Bc3 d2 38.Rc7+ 0-1

[Event "Cto. Autonómico por Equipos 2007"]
[Site "Aragón"]
[Date "2007.02.03"]
[Round "2.1"]
[White "Lamas Manuel"]
[Black "Garza Marco Sergio"]
[Result "0-1"]
[WhiteElo "2380"]
[BlackElo "2270"]

1.e4 c5 2.Nf3 a6 3.c3 e6 4.d4 d5 5.e5 Bd7 6.Be3 Nc6 7.Bd3 Nge7 8.O-O Ng6 9.Re1
Be7 10.Nbd2 c4 11.Bc2 O-O 12.Nf1 Kh8 13.Qd2 Qe8 14.Bg5 f6 15.exf6 gxf6 16.Bh6
Rg8 17.Ng3 b5 18.h4 Bd6 19.h5 Nge7 20.Bf4 Bxf4 21.Qxf4 Qf7 22.Re3 Raf8 23.Rae1
Bc8 24.Nh4 f5 25.Bd1 Qf6 26.R3e2 Rg4 27.Ng6+ hxg6 28.Qh6+ Kg8 29.Rxe6 Bxe6 30.
Bxg4 fxg4 31.hxg6 Qxf2+ 32.Kh2 Qxg3+ 33.Kxg3 Nf5+ 0-1

[Event "Cto. Autonómico por Equipos 2007"]
[Site "Aragón"]
[Date "2007.02.03"]
[Round "2.2"]
[White "Fontana Sotomayour Luis Javier"]
[Black "Llanes Luno Ricardo"]
[Result "1-0"]
[WhiteElo "2320"]
[BlackElo "2225"]

1.Nc3 d5 2.e4 dxe4 3.Nxe4 e5 4.Bc4 f5 5.Nc3 Nc6 6.d3 g6 7.Nf3 Bg7 8.O-O Qe7 9.
Bg5 Nf6 10.Re1 Bd7 11.Nd5 Qd6 12.Nxf6+ Bxf6 13.Bxf6 Qxf6 14.Nxe5 Nxe5 15.Qe2
O-O-O 16.Qxe5 Qg5 17.Be6 Kb8 18.Bxd7 Rxd7 19.Qxh8+ 1-0

[Event "Cto. Autonómico por Equipos 2007"]
[Site "Aragón"]
[Date "2007.02.03"]
[Round "2.3"]
[White "Roche Simon Miguel Angel"]
[Black "Buil Rello Jose Antonio"]
[Result "1-0"]
[WhiteElo "2180"]
[BlackElo "1989"]

1.e4 e5 2.Nf3 d6 3.d4 exd4 4.Qxd4 Nc6 5.Bb5 Bd7 6.Bxc6 Bxc6 7.Nc3 Nf6 8.Bg5
Be7 9.O-O-O O-O 10.Rhe1 Ng4 11.Bxe7 Qxe7 12.Nd5 Qd8 13.h3 Bxd5 14.Qxd5 Nf6 15.
Qxb7 Nd7 16.e5 Nb6 17.exd6 cxd6 18.Qe7 d5 19.Qxd8 Raxd8 20.b3 f6 21.a4 Kf7 22.
Re2 a5 23.Red2 Rfe8 24.Nd4 Rc8 25.Nf5 Rb8 26.Nd4 Rbc8 27.Nf5 Red8 28.Kb2 Rc5
29.Nd4 Rb8 30.Nb5 Rd8 31.Re1 Rd7 32.Rd4 Rc8 33.Rh4 h6 34.Rd4 Rc6 35.Red1 Ke7
36.R1d2 g6 37.Rh4 h5 38.g4 hxg4 39.hxg4 Re6 40.Nd4 Re5 41.f3 Re1 42.f4 Kd6 43.
Rf2 Re4 44.Nb5+ Kc5 45.Nc3 Re3 46.Rh6 d4 47.Nd1 Re1 48.Rd2 Rg7 49.Ka3 Nd5 50.
Rh3 Nxf4 51.Rf3 g5 52.Nf2 Rf7 53.Rxf4 gxf4 54.Nd3+ Kd5 55.Nxe1 Ke4 56.Re2+ Kd5
57.Nd3 f3 58.Nf4+ Kd6 59.Rf2 Rg7 60.Rxf3 Rxg4 61.Nd3 Ke6 62.b4 axb4+ 63.Kxb4
1-0

[Event "Cto. Autonómico por Equipos 2007"]
[Site "Aragón"]
[Date "2007.02.03"]
[Round "2.4"]
[White "Maza Broto Pablo"]
[Black "Llanes Luno Pedro Alfredo"]
[Result "0-1"]
[WhiteElo "1981"]
[BlackElo "2154"]

1.e4 c5 2.Nf3 d6 3.d4 cxd4 4.Nxd4 Nf6 5.Nc3 a6 6.Be3 e5 7.Nf5 d5 8.Bg5 d4 9.
Bxf6 gxf6 10.Ne2 Qb6 11.Rb1 Nc6 12.c3 Bxf5 13.exf5 O-O-O 14.Qb3 Qc7 15.Ng3 d3
16.Rd1 e4 17.Nxe4 Na5 18.Qa4 b5 19.Nd6+ Bxd6 20.Qg4 Rhe8+ 21.Kd2 Bf4+ 0-1

[Event "Cto. Autonómico por Equipos 2007"]
[Site "Aragón"]
[Date "2007.02.03"]
[Round "2.5"]
[White "Llorente Zaro Alfonso"]
[Black "Saldano Horacio"]
[Result "0-1"]
[WhiteElo "2353"]
[BlackElo "2422"]

1.d4 g6 2.c4 Bg7 3.Nf3 Nf6 4.Nc3 O-O 5.e4 d6 6.Be2 Na6 7.O-O e5 8.Re1 c6 9.Rb1
exd4 10.Nxd4 Re8 11.Bf3 h6 12.Be3 Nc5 13.Qc2 a5 14.Rbd1 Qe7 15.Qd2 Qf8 16.Bf4
g5 17.Bg3 g4 18.Nf5 Bxf5 19.Bxd6 Rad8 20.Bxf8 Rxd2 21.Bxc5 Rxb2 22.exf5 Rxe1+
23.Rxe1 gxf3 24.Ba3 Rc2 25.Rc1 Rd2 26.Rd1 Ne4 27.Bc1 Bxc3 28.Bxd2 Nxd2 29.Rc1
Bb4 30.Rc2 fxg2 31.Kxg2 Ne4 32.Kf3 Nf6 33.Rb2 b6 34.Rb1 Nd7 35.Ke4 Kf8 36.f6
Nxf6+ 37.Kf5 Nd7 38.Rb3 Ke8 39.f4 Bc5 40.Rh3 Bf8 41.Rb3 a4 42.Rb1 Bc5 43.Rb2
Bd4 44.Rb4 a3 45.Rb3 Bc5 46.Rb1 Nf8 47.Rd1 Ne6 48.Ke5 Ke7 49.Kf5 Bd4 50.Rd3
Bb2 51.Rh3 b5 52.cxb5 cxb5 53.Kg4 b4 54.Re3 Kf6 55.Rb3 Bc3 56.Rb1 Nd4 57.Rc1
b3 58.Rxc3 b2 0-1

[Event "Cto. Autonómico por Equipos 2007"]
[Site "Aragón"]
[Date "2007.02.03"]
[Round "2.6"]
[White "Martinez Asensio Juan M"]
[Black "Ramon Perez Jose Luis"]
[Result "1-0"]
[WhiteElo "2160"]
[BlackElo "2336"]

1.d4 Nf6 2.c4 e6 3.Nf3 Bb4+ 4.Nbd2 c5 5.a3 Bxd2+ 6.Bxd2 Ne4 7.dxc5 Qc7 8.b4 a5
9.g3 Nxd2 10.Nxd2 Qe5 11.Rb1 axb4 12.axb4 h5 13.Bg2 h4 14.Ne4 Nc6 15.e3 g5 16.
O-O hxg3 17.hxg3 f5 18.Nd6+ Ke7 19.b5 Nd8 20.Ra1 Rb8 21.Qd4 Qf6 22.Qxf6+ Kxf6
23.Rfd1 Ke7 24.Ra7 Rf8 25.c6 bxc6 26.bxc6 Nf7 27.cxd7 Bxd7 28.Nxf7 Kxf7 29.
Raxd7+ Kf6 30.c5 Rb2 31.c6 Rc2 32.Kf1 g4 33.R1d2 Rc3 34.Rd8 Rf7 35.R2d7 e5 36.
Bd5 Rg7 37.Rxg7 Kxg7 38.Rd7+ Kf6 39.c7 1-0

[Event "Cto. Autonómico por Equipos 2007"]
[Site "Aragón"]
[Date "2007.02.03"]
[Round "2.7"]
[White "Martin Moreno Luis"]
[Black "Martin Catalan Juan Vicente"]
[Result "1-0"]
[WhiteElo "2209"]
[BlackElo "2106"]

1.e4 c5 2.Nf3 Nc6 3.c3 d5 4.exd5 Qxd5 5.d4 Bg4 6.Be2 cxd4 7.cxd4 e6 8.Nc3 Bb4
9.O-O Bxc3 10.bxc3 Nf6 11.h3 Bh5 12.Qb3 O-O 13.Be3 Na5 14.Qb4 Rac8 15.Rfe1 Ne4
16.Rac1 Nc4 17.Bf4 f6 18.g4 Bg6 19.Nh4 Ng5 20.Bxg5 fxg5 21.Nxg6 hxg6 22.Bxc4
Rxc4 23.Qe7 Qf3 24.Qxe6+ Kh7 25.Qe3 Qc6 26.Qxg5 Rxc3 27.d5 Rxc1 28.Rxc1 Qb6
29.Qe3 Qd6 30.Qe6 Qf4 31.Qe3 Qd6 32.Rd1 a6 33.Qe6 Qf4 34.Qe3 Qd6 35.Rd4 Rd8
36.Qe4 Rd7 37.Kg2 Re7 38.Qd3 Rd7 39.h4 Kh8 40.Qe4 Re7 41.Qd3 Rd7 42.Qg3 Qc5
43.Qe5 Re7 44.Qf4 Rd7 45.d6 Qc6+ 46.Kh2 Kg8 47.Rd2 b5 48.Qe5 a5 49.h5 gxh5 50.
Qe8+ Kh7 51.Qxh5+ Kg8 52.Qe8+ Kh7 53.Qe5 Kg8 54.Qe6+ Kh7 55.Rd3 g6 56.Rh3+ 1-0